| 000 | 00567cab a2200193 4500 | ||
|---|---|---|---|
| 001 | ABS43878 | ||
| 008 | 090401t1990 xxu||||| |||| 00| 0 eng d | ||
| 035 | _a(Sirsi) u44044 | ||
| 041 | _aeng | ||
| 100 | _aEllis, I. | ||
| 245 | 4 | _aThe profits basis | |
| 260 | _c1990 | ||
| 350 | _a0 | ||
| 490 |
_aRRV Monthly _vNovember 1990, 279-317(5) |
||
| 520 | _aExplains the application of the profits method of valuation ; on what types of property it is used and how to interpret the accounts . | ||
| 690 | _aRATING AND VALUATION | ||
| 942 | _n0 | ||
| 948 | _c04/03/1997 | ||
| 999 |
_c28081 _d28081 |
||